000 02846nam a22003257a 4500
005 20260417094925.0
008 260417b |||||||| |||| 00| 0 eng d
020 _a9786073013369
040 _aUniagraria
_bspa
_erda
041 _aspa
_hspa
082 _a636.089607/
_bUn58t
110 _aUniversidad Nacional Autónoma de México
_bFacultad de Medicina Veterinaria y Zootecnia
_eaut
_91111
245 _aTécnicas y fundamentos :
_bLaboratorio de inmunología veterianria
_cLaura Codos Marín, Alejandro Benítez Guzmán
250 _aPrimera edición
264 _aCuidad de México :
_bUniversidad Nacional Autónoma de México ;
_c2022
300 _a161 páginas
_bIncluye fotografia, ilustraciones, cuadros
_c28 cm
336 _2rdacontent
_atexto
_btxt
337 _2rdamedia
_ano mediado
_bn
338 _2rdacarrier
_avolumen
_bnc
500 _aIncluye bibliografía, fotografías, tablas, graficas e ilustraciones.
505 _aContenido: Introducción. -- Habilidades y destrezas. -- Objetivo general. -- Reglamento general del laboratorio de prácticas de virología e inmunología. -- Práctica 1. Bioseguridad en el laboratorio de inmunología. -- Práctica 2. Diluciones. -- Práctica 3. Manejo de animales de experimentación. -- Práctica 4. Vías de inoculación y sangrado en animales de experimentación. -- Práctica 5. Mecanismos moleculares de inmunidad innata en el suero. -- Práctica 6. Precipitación. -- Práctica 7. Electroforesis e inmunoelectroforesis. -- Práctica 8. Aglutinación directa I: diagnóstico de salmonelosis aviar y pruebas cruzadas. -- Práctica 9. Aglutinación directa II. Diagnóstico serológico de brucelosis. -- Práctica 10. Prueba de fijación de complementos directa. -- Práctica 11. Inmunoensayo enzimático (ELISA) -- Práctica 12. Prueba de la tuberculina. -- Anexo I. Residuos Peligrosos Biológico-Infecciosos (RPBIS) -- Anexos II. Niveles de bioseguridad de los laboratorios. -- Anexo III. Señalización, código de colores y formas de seguridad. -- Anexo IV. Cuadros de conversión. -- Anexos V. Manejo de pipetas de precisión.
520 _aObra que presenta los principios básicos y las técnicas fundamentales empleadas en el laboratorio de inmunología veterinaria. Aborda métodos diagnósticos, procedimientos experimentales y el manejo de muestras biológicas en animales, con énfasis en la aplicación práctica de pruebas inmunológicas para el estudio, prevención y control de enfermedades. Dirigida a estudiantes y profesionales de medicina veterinaria y áreas afines.
598 _a1
650 0 _aPatología - Medicina veterinaria
_91114
650 0 _aInmunología veterinaria
_9864
650 0 _aVeterinaria y zootecnia
_9865
700 _aCodos Marín, Laura
_eAutor
_91112
700 _aBenítez Guzmán, Alejandro
_eAutor
_91113
942 _cBK
_n0
999 _c37906
_d37906